Mean markets and lizard brains : how to profit from the new science of irrationality
Mean Markets and Lizard Brains converts cutting-edge intellectual developments into practical investment steps. Filled with in-depth insights and real-world advice, this guide: Provides a timeless blueprint for effective and low-stress investing through a thorough examination and explanation of the...
Guardado en:
| Autor principal: | |
|---|---|
| Formato: | Libro |
| Lenguaje: | Undetermined |
| Publicado: |
Hoboken, N.J.
John Wiley & Sons, Inc
2005
|
| Materias: | |
| Etiquetas: |
Agregar Etiqueta
Sin Etiquetas, Sea el primero en etiquetar este registro!
|
| Thư viện lưu trữ: | Trung tâm Học liệu Trường Đại học Cần Thơ |
|---|
| LEADER | 01416nam a2200217Ia 4500 | ||
|---|---|---|---|
| 001 | CTU_163731 | ||
| 008 | 210402s9999 xx 000 0 und d | ||
| 020 | |c 27.95 | ||
| 082 | |a 332.6 | ||
| 082 | |b B966 | ||
| 100 | |a Burnham, Terry | ||
| 245 | 0 | |a Mean markets and lizard brains : | |
| 245 | 0 | |b how to profit from the new science of irrationality | |
| 245 | 0 | |c Terry Burnham | |
| 260 | |a Hoboken, N.J. | ||
| 260 | |b John Wiley & Sons, Inc | ||
| 260 | |c 2005 | ||
| 520 | |a Mean Markets and Lizard Brains converts cutting-edge intellectual developments into practical investment steps. Filled with in-depth insights and real-world advice, this guide: Provides a timeless blueprint for effective and low-stress investing through a thorough examination and explanation of the lizard brain; Summarizes the key findings of the science of irrationality and reveals the biological forces that cause even the smartest of people to make systematic mistakes; Sets the macroeconomic stage for choosing investments, with discussions of the economy, inflation, and the value of the U.S. dollar.; Evaluates investments based on understanding how the lizard brain operates in today's global macroeconomic landscape | ||
| 650 | |a Finance, Personal,Investments,Self-management (Psychology),Tài chính cá nhân,Đầu tư tài chính | ||
| 910 | |a Nguyên | ||
| 980 | |a Trung tâm Học liệu Trường Đại học Cần Thơ | ||